Home Print Resources E-Books E-Journals IIMT Lecture Series Library Membership Form Book Recommendation Form Campus Tour Take AdmissionAbout Us Contact Us

COMPUTER AIDED DRUG DESIGN (Record no. 65419)

000 -LEADER
fixed length control field 00336nam a22001337a 4500
008 - FIXED-LENGTH DATA ELEMENTS--GENERAL INFORMATION
fixed length control field 250401b |||||||| |||| 00| 0 eng d
020 ## - ISBN
International Standard Book Number 9789390846412
040 ## - CATALOGING SOURCE
Original cataloging agency IIMT University College of Medical Sciences
100 ## - MAIN ENTRY--PERSONAL NAME
Personal name AJAY KUMAR CHITTIPOLU AND SREEPADA DIVYA
245 ## - TITLE STATEMENT
Title COMPUTER AIDED DRUG DESIGN
260 ## - PUBLICATION, DISTRIBUTION, ETC. (IMPRINT)
Place of publication, distribution, etc NEW DELHI
Name of publisher, distributor, etc AKINIK
Date of publication, distribution, etc 2021
300 ## - PHYSICAL DESCRIPTION
Pages 160
942 ## - ADDED ENTRY ELEMENTS (KOHA)
Koha item type Text-Book- for 7 days
952 ## - LOCATION AND ITEM INFORMATION (KOHA)
-- 2025-04-01
Holdings
Withdrawn status Lost status Source of classification or shelving scheme Damaged status Not for loan Location (home branch) Sublocation or collection (holding branch) Date acquired Source of Acquisition Cost Normal purchase price Koha issues (times borrowed) Koha full call number Accession No. Koha date last seen Koha item type
          IIMT University College of Medical Sciences IIMT University College of Medical Sciences 04/01/2025 SAVERA 835.00   615.19(AJA) 02-B-14873 04/01/2025 Text-Book- for 7 days
IIMT, Central Library. All Rights Reserved IIMT,UNIVERSITY © 2023
Implemented and Customised by I CLOUDE EMS
You Are OPAC Visitor No
free web counter

Powered by Koha